MARC details
| 000 -CABECERA |
| campo de control de longitud fija |
01877nam a22002177a 4500 |
| 008 - DATOS DE LONGITUD FIJA--INFORMACIÓN GENERAL |
| campo de control de longitud fija |
251119b |||||||| |||| 00| 0 eng d |
| 020 ## - NÚMERO INTERNACIONAL ESTÁNDAR DEL LIBRO |
| Número Internacional Estándar del Libro |
9781804945360 |
| 040 ## - FUENTE DE LA CATALOGACIÓN |
| Centro/agencia transcriptor |
TBS |
| 041 ## - CÓDIGO DE LENGUA |
| Código de lengua del texto/banda sonora o título independiente |
eng |
| 050 ## - SIGNATURA TOPOGRÁFICA DE LA BIBLIOTECA DEL CONGRESO |
| Número de clasificación |
PS3611.H66 |
| Número de documento/Ítem |
R43 2024 |
| 100 ## - ENTRADA PRINCIPAL--NOMBRE DE PERSONA |
| Nombre de persona |
Khong, Rachel |
| Fechas asociadas al nombre |
1985- |
| 9 (RLIN) |
26549 |
| Término indicativo de función/relación |
author |
| 245 ## - MENCIÓN DE TÍTULO |
| Título |
Real Americans |
| Mención de responsabilidad, etc. |
/ Rachel Khong. |
| 260 ## - PUBLICACIÓN, DISTRIBUCIÓN, ETC. |
| Lugar de publicación, distribución, etc. |
London : |
| Nombre del editor, distribuidor, etc. |
Penguin Books, |
| Fecha de publicación, distribución, etc. |
2025. |
| 300 ## - DESCRIPCIÓN FÍSICA |
| Extensión |
395 pages ; |
| Dimensiones |
20 cm. |
| 520 ## - SUMARIO, ETC. |
| Sumario, etc. |
New York City, 1999. Lily Chen is an unpaid intern, pursuing the American Dream, when she falls for a young financier – and the life of luxury his vast fortune promises. Everything she wants seems to finally be within reach. But deep down, she knows that her ambitious scientist mother, Mei, imagined so much more for her when she fled the unspoken horrors of Mao’s cultural revolution.<br/><br/>Twenty years later, Lily is a single parent, estranged from her own family and increasingly isolated from her teenage son, Nick. Desperate to break free from their life on a remote island in Washington State, Nick strives to live better than the generation before him, unable to understand his mother’s choices. But when he looks into the past and is unexpectedly confronted by the ghosts of his grandmother’s young life in 1960s China, he risks unsettling a legacy of family secrets – passed on from mother, to daughter, to son.<br/><br/>Following three generations of one Chinese American family, REAL AMERICANS is a mesmerising, multilayered family drama which explores the choices we make for ourselves, and for our children. Spanning decades and continents, it is a soaring, heartfelt story about fate, fortune, and what it means to belong. |
| 650 #0 - PUNTO DE ACCESO ADICIONAL DE MATERIA--TÉRMINO DE MATERIA |
| Término de materia o nombre geográfico como elemento de entrada |
Families |
| Subdivisión de forma |
Fiction |
| 9 (RLIN) |
22172 |
| 650 #0 - PUNTO DE ACCESO ADICIONAL DE MATERIA--TÉRMINO DE MATERIA |
| Término de materia o nombre geográfico como elemento de entrada |
National characteristics, American |
| Subdivisión de forma |
Fiction |
| 9 (RLIN) |
26550 |
| 650 #0 - PUNTO DE ACCESO ADICIONAL DE MATERIA--TÉRMINO DE MATERIA |
| Término de materia o nombre geográfico como elemento de entrada |
Single mothers |
| Subdivisión de forma |
Fiction |
| 9 (RLIN) |
25097 |
| 650 #0 - PUNTO DE ACCESO ADICIONAL DE MATERIA--TÉRMINO DE MATERIA |
| Término de materia o nombre geográfico como elemento de entrada |
Social classes |
| Subdivisión de forma |
Fiction |
| 9 (RLIN) |
24096 |
| 942 ## - ELEMENTOS DE ENTRADA AGREGADA (KOHA) |
| Fuente del sistema de clasificación o colocación |
Clasificación de Library of Congress |